000 00558nam a2200193Ia 4500
005 20250508152911.0
008 008 250505s9999 xx 000 0 eng d
037 _aReference
040 _aFEDL
_beng
_cFEDL
041 _aeng
_2eng
084 _a371.95, DEH
_qFEDL
100 _aDeHan Robert F
_9762688
245 0 _aEducating gifted children
260 _aChicago, USA
_bThe University of Chicago Press
_c1961
300 _ax,362p.
700 _a Havighurst Robert J
_9762689
942 _cREF
_h371.95, DEH
999 _c1339495
_d1339495